Collapse : How Societies Choose to Fail or Succeed /

Guardat en:
Dades bibliogràfiques
Autor principal: Diamond, Jared (autor)
Format: Llibre
Idioma:anglès
Publicat: Nueva York, EUA : Viking, 2005, c2005
Matèries:
Etiquetes: Afegir etiqueta
Sense etiquetes, Sigues el primer a etiquetar aquest registre!

MARC

LEADER 00000nam^a2200000^a^4500
001 000187325
005 20250521000000.0
009 20260310102258.034
020 |a 0-670-03337-5 
037 |a Acervo ITESO - Biblioteca 
041 |a ING 
082 |a 304. 2  |b DIA 
100 |a Diamond, Jared  |e (autor) 
240 1 1 |a [Colapso: por qué unas sociedades perduran y otras desaparecen] 
245 1 0 |a Collapse :  |b How Societies Choose to Fail or Succeed /  |c J. Diamond. 
264 4 |a Nueva York, EUA :  |b Viking,  |c 2005, c2005 
300 |a 575 p. 
336 |a texto  |b txt  |2 rdacontenido 
337 |a sin mediación  |b n  |2 rdamedio 
338 |a volumen  |b nc  |2 rdasoporte 
649 |a XX 
650 |a Hombre -  |x Influencia del Medio Natural -  |x Historia 
650 |a Cambio Climático 
650 |a Política Ambiental -  |x Tema Principal 
650 |a Conservación y Protección Ambiental 
650 |a Desarrollo Económico-Social 
650 |a Cambios Sociales y Culturales -  |x Tema Principal 
650 |a Tecnología y Sociedad 
650 |a Historia Social -  |x Tema Principal 
650 |a Ecología Social -  |x Historia 
650 |a Sociología 
910 |a Fondo General 
920 |a Impresos - Libros 
930 |a Colección General 
905 |a 101 
901 |a 0500129430  |b IT1  |c ACC  |u 20250521 
902 |a https://opac.biblio.iteso.mx/vufind/Record/000187325